[Event "Women's Olympiad"]
[Site "Baku"]
[Date "2016.09.04"]
[Round "3.1"]
[White "Vazquez Maccarini, Danitza"]
[Black "Zhou, Qiyu"]
[Result "1/2-1/2"]
[WhiteElo "2142"]
[BlackElo "2367"]
[Annotator "John Upper"]
[PlyCount "86"]
[EventDate "2016.09.02"]
[EventType "team-swiss"]
[EventRounds "11"]
[EventCountry "AZE"]
[SourceTitle "Chess Canada 2016Olympia"]
[Source "CFC"]
[SourceDate "2016.12.01"]
[WhiteTeam "Puerto Rico"]
[BlackTeam "Canada"]
[WhiteTeamCountry "PUR"]
[BlackTeamCountry "CAN"]
[WhiteClock "0:30:19"]
[BlackClock "0:11:57"]

1. e4 e5 2. Nf3 Nc6 3. Bb5 a6 4. Ba4 Nf6 5. d3 b5 6. Bb3 Be7 7. O-O d6 8. c3
O-O 9. h3 Na5 10. Bc2 c5 11. Re1 Nc6 12. Nbd2 Re8 13. Nf1 h6 14. Ng3 Be6 15. a4
Rc8 16. Nh2 d5 17. exd5 Qxd5 18. Ne4 b4 19. Qf3 Qd8 20. Be3 b3 21. Bd1 {
Diagram [#]} Nxe4 (21... Qxd3 22. Nxc5 Bxc5 23. Bxc5 e4 $13) 22. dxe4 Na5 23.
Be2 Nc4 24. Bxc4 Bxc4 25. Ng4 Bd6 (25... Qc7 $142) 26. Rad1 Re6 {Diagram [#]}
27. Bxh6 $3 {An excellent find!} gxh6 28. Ne3 {trapping the Bc4} Rf6 {gaining
a tempo to free the B...} 29. Qg4+ {gaining a tempo to save the Q...} Rg6 30.
Rxd6 $1 {Only move to keep the advantage, taking advantage of the fact that
the Rc8 hangs on ...Qxd6.} Rxg4 31. Rxd8+ Rxd8 32. hxg4 Be6 33. Kf1 a5 34. f3
Rd2 35. Re2 Rd3 36. Nd5 Bxd5 37. exd5 Rxd5 38. Ke1 c4 39. Re4 Rc5 40. Re2 Kf8
41. Rd2 $14 Ke7 (41... e4 $5 {attempts to activate the R to avoid the
variations at move 43.} 42. fxe4 Rg5) 42. Ke2 Ke6 43. Ke3 $2 (43. Rd8 $1 $16 {
threatening Rh8.} f5 44. gxf5+ Kxf5 45. g4+ (45. Ke3 h5 46. Rh8 Kg5 47. Ke4 h4
48. Rg8+ Kf6 49. Rg4 $18 {and wins the h-pawn.}) 45... Kf4 46. Kf2 e4 47. Rd4
Re5 48. Rxc4 $18) 43... Rd5 $1 1/2-1/2

[Event "Women's Olympiad"]
[Site "Baku"]
[Date "2016.09.04"]
[Round "3.1"]
[White "Vazquez Maccarini, Danitza"]
[Black "Zhou, Qiyu"]
[Result "1/2-1/2"]
[WhiteElo "2142"]
[BlackElo "2367"]
[Annotator "Qiyu Zhou"]
[PlyCount "86"]
[EventDate "2016.09.02"]
[EventType "team-swiss"]
[EventRounds "11"]
[EventCountry "AZE"]
[SourceTitle "Chess Canada 2016Olympia"]
[Source "CFC"]
[SourceDate "2016.12.01"]
[WhiteTeam "Puerto Rico"]
[BlackTeam "Canada"]
[WhiteTeamCountry "PUR"]
[BlackTeamCountry "CAN"]

1. e4 e5 2. Nf3 Nc6 3. Bb5 a6 4. Ba4 Nf6 5. d3 b5 6. Bb3 Be7 7. O-O d6 8. c3
O-O 9. h3 Na5 10. Bc2 c5 11. Re1 Nc6 12. Nbd2 Re8 13. Nf1 h6 14. Ng3 Be6 {[#]}
15. a4 (15. d4 cxd4 16. cxd4 exd4 17. Nxd4 (17. Ne2 Nb4 18. Bb1 d3 19. Ned4 Bf8
20. a3 Nc2 21. Nxc2 dxc2 22. Bxc2 Bc8 23. Nd4 Bb7 24. Nf5 Rc8 25. Ng3 d5 26. e5
Ne4 $15 {(0-1, 38) Svidler,P (2728)-Leko,P (2749) Monte Carlo (rapid), 2007.})
17... Nxd4 18. Qxd4 Rc8 19. Bb3 d5 (19... Bxb3 20. axb3 d5 $11 {(1/2-1/2, 34)
Leko,P (2753)-Aronian,L (2739) Morelia/Linares, 2008.}) 20. e5 Nd7 21. Qd1 Nb6
$15 (21... Nc5 22. Be3 $11 {(½-½, 37) Lutz,C (2597)-Kramnik,V (2777)
Brissago, 2004.})) (15. Bb3 c4 16. Bc2 cxd3 17. Bxd3 Bf8 18. a4 b4 19. c4 Nd7
$11) 15... Rc8 ({I had played a game in this line last year at the World Youth,
which went:} 15... Bf8 16. Nh2 d5 17. exd5 Bxd5 18. Ng4 Nxg4 19. Qxg4 Be6 20.
Qe4 Bd5 21. Qg4 g6 $6 {0-1 Buiza Prieto,E (2057)-Zhou,Q (2328) Porto Carras,
2015.} (21... Be6 $142 $11)) 16. Nh2 (16. axb5 axb5 17. Nh2 Qd7 18. Nh5 Ra8 19.
Nxf6+ Bxf6 20. Be3 Rxa1 21. Qxa1 {0-1 Baumegger,S (2413)-Sokolov,I (2663)
Izmir, 2004.} Qb7 $15) 16... d5 {I got ...d5 in pretty comfortably, and I
would say I even had a slight plus here.} 17. exd5 Qxd5 18. Ne4 b4 19. Qf3 Qd8
20. Be3 {[#] This was a critical moment.} b3 $6 {For some reason I thought
this was a great move.} (20... Nd7 $15 {this is more typical for Spanish
positions. Black's knight protects both c5 and adds support for e5, while
threatening ...f5, after which the knight can return to f6. Black has more
space, and therefore I shouldn't want to trade pieces.} 21. Bd2 {just to step
out of any ...Nd4 tactics. Also, it's not that easy for White to make a move.}
(21. g4 Nd4 $1) 21... f5 (21... b3 22. Bd1 (22. Bb1 f5) 22... c4 23. dxc4 f5
24. Ng3 e4 $17) 22. Ng3 Rf8 $15) ({But even better is the untypical} 20... Nd4
$1 $15 {I missed this} 21. cxd4 (21. Bxd4 exd4 $15) 21... cxd4 22. Bxh6 Rxc2
23. Qg3 Bf8 24. Nxf6+ (24. Bc1 Nxe4) 24... Qxf6 25. Bg5 Qg6 26. Bc1 (26. Rxe5
f6 $19) 26... Qxg3 27. fxg3 Bd5 {White's pawn structure is in shambles.}) 21.
Bd1 $11 Nxe4 22. dxe4 Na5 $6 {[#] My plan was to get a knight onto c4, where
White would be practically forced to exchange the it for her bishop. I went
for this plan because I thought the pair bishops would be useful in this
position... however this was not the case as my light-squared bishop was a
liability on c4.} 23. Be2 Nc4 $6 (23... c4 24. Ng4 Nc6 25. Red1 Qc7 26. Qg3 Kh7
27. a5 {Black's position is extremely uncomfortable.}) 24. Bxc4 Bxc4 25. Ng4
$40 {[#] Black's kingside is just too weak without a knight on f6, and three
of white's pieces are already aimed there.} Bd6 $6 (25... Bf8 26. Qg3 h5 27.
Nxe5 h4 28. Qh2 (28. Qf4 Bd6 $17) 28... Bd6 29. f4 Bxe5 30. fxe5 Qc7) 26. Rad1
Re6 $2 {Honestly I think at this point everything is kind of bad, whether or
not I see the tactics} (26... h5 27. Nf6+ Qxf6 (27... gxf6 $2 28. Bh6 Kh7 29.
Qxh5 Rh8 30. Re3 $18) 28. Qxf6 gxf6 29. Rxd6 $14) 27. Bxh6 $1 $16 gxh6 28. Ne3
Rf6 29. Qg4+ Rg6 30. Rxd6 $1 Rxg4 31. Rxd8+ Rxd8 32. hxg4 Be6 33. Kf1 a5 34. f3
Rd2 35. Re2 Rd3 {[#]} 36. Nd5 $2 {She was happy with the draw.} (36. Ke1 $18 {
If I try} Rd7 (36... Kf8 37. Rd2 $18 {leads to the same as ...f6 and ...Kg7.})
(36... f6 37. Rd2 Rxd2 (37... Rxe3+ 38. Kf2 $18) 38. Kxd2 c4 39. Nf5 Kh7 40.
Nd6 {[%csl Ya5] Black's light-squared bishop is useless against White's knight,
which is about to win the a5-pawn.}) (36... Kg7 37. Rd2 Rxe3+ 38. Kf2 Rxc3 39.
bxc3 Bc4 40. Rd6 f6 41. Rb6 $18 {[%cal Yf2e3,Ye3c1,Yc1b2] White's king goes to
c1 leaving white's rook free to take all of Black's pawns.}) 37. Nf5 Bxf5 38.
exf5 f6 39. Rd2 Rc7 (39... Rxd2 40. Kxd2 $18 {and White's K will get to the
queenside pawns through c4 or d5.}) 40. Rd6 Kf7 41. Ra6 $18) 36... Bxd5 37.
exd5 Rxd5 38. Ke1 c4 39. Re4 Rc5 40. Re2 {[#]} Kf8 $2 {I'm not sure what I was
thinking.} (40... Rd5 41. Rd2 Rxd2 42. Kxd2 Kf8 (42... f6 $2 {For some reason
I was convinced I had to play ...f6 to make sure my king got to the center in
time, but it would result in me getting zugzwanged...} 43. Ke3 Kf7 44. Ke4 Ke6
45. f4 $8 $18) 43. Ke3 Ke7 44. Ke4 Ke6 $11 {this could have appearing in the
game, if we had played on.}) 41. Rd2 Ke7 42. Ke2 Ke6 {[#]Critical Position} 43.
Ke3 $2 (43. Rd8 {was necessary, after which White should be winning.} Kf6 {
[#] Analysis White has a choice of ways to win.} (43... f5 44. gxf5+ (44. Rh8
fxg4 45. Rxh6+ Kf5 46. Rh5+ Kf6 47. fxg4 Rc7 {could be unclear. White is most
likely still better, but it would be more difficult to score the full point.})
44... Kxf5 45. Ke3 h5 46. Rh8 Kg5 47. Ke4 Kg6 48. Re8 Kf6 49. g3 $18 {and
Black gets in zugzwang.}) (43... Ke7 44. Rh8 Rc6 (44... f6 45. Rh7+ Ke6 46.
Rxh6 $18 {pawn down... this should be impossible to hold.}) 45. Ke3 (45. Ra8
Rc5 46. Ra7+ Kf6 (46... Kf8 47. Ra6 Kg7 48. Rd6) 47. Rb7 Ke6 ({If anything
else, eg.} 47... Kg6 48. Rb5 $18) 48. Rb6+ Ke7 49. Rxh6 $18) 45... Rd6 $1 {
going for Rd1, in order to capture some of White's pawns.} (45... Re6 46. Ke4
Kd6 47. Ra8 $18 {I just have too many weaknesses.}) 46. Ke2 {is necessary,
which just transposes to Ra8 straightaway.} (46. Rc8 Rd1 47. Rxc4 Re1+ 48. Kd2
Rb1 49. Rc5 Rxb2+ 50. Kd3 Kd6 51. Rxa5 Rxg2 $11) 46... Rc6 (46... Kd7 47. Ra8
Rd5 48. Ra7+ Ke6 49. Ra6+ Rd6 50. Rxa5 $18) 47. Ra8 Rc5 48. Ra7+ Kf8 (48... Kf6
49. Rb7 {transposes.}) 49. Rb7 f6 (49... Kg7 50. Rb5 $18) 50. Rh7 Kg8 51. Rxh6
$18) 44. Ke3 (44. Rb8 {the idea is to play Rb6, followed by Rb5 if Black plays
...Kg7 to protect the h6 pawn.} e4 $5 $132 (44... Ke7 45. Rb7+ Ke8 46. Rb6 $18)
45. fxe4 Rg5 46. Kf3 h5 47. Rc8 (47. gxh5 Rxh5 48. Rc8 Rh1 49. Rxc4 Rb1 50. Rc5
Rxb2 51. Rxa5 Rc2 52. Rb5 Rxc3+ 53. Kf4 Rc4 54. a5 Ra4 55. g4 b2 56. Rxb2 Rxa5
$11) 47... hxg4+ 48. Kf4 Rh5 49. Rxc4 Rh2 50. Rc6+ (50. Kg3 Rh1) 50... Ke7 51.
Rb6 Rxg2 52. Rxb3 g3 53. Kf3 $18) (44. Rd6+ Kg5 45. Ke3 f6 46. Ke4 h5 (46...
Kg6 47. Rd5 $18) 47. Rd8 (47. gxh5 f5+ 48. Ke3 Kxh5 49. f4 $1 e4 50. g3 Kg4 51.
Rg6+ Kh3 52. Kf2 $18) 47... hxg4 48. Rg8+ Kh6 49. Rxg4 Kh7 50. Kf5 Rc6 $18)
44... Ke7 45. Rh8 Rd5 {As long as White doesn't let Black get any counterplay,
she should be winning.} 46. Rxh6 $2 $11 (46. Ke2 Rd6 47. Rc8 $18) 46... Rd1 $8
$132 47. Ra6 (47. Ke4 Rd2 48. Kxe5 Rxb2 $11) 47... Re1+ 48. Kd2 Rb1 49. Rxa5
Rxb2+ 50. Ke3 Kd6 51. Ra6+ Kc7 52. Ra5 $8 (52. Rf6 $4 Rc2 53. Rxf7+ Kb6 $19)
52... Rb1 53. Rb5 $8 (53. Rxe5 $4 Re1+ $19) 53... Re1+ 54. Kd2 Rg1 55. Ke3 Rxg2
56. Rb4 b2 57. a5 Kd6 58. a6 Rc2 59. Ke4 (59. a7 $2 Rxc3+ 60. Ke2 Ra3 61. Rxb2
$17) 59... f5+ 60. Kxf5 (60. gxf5 $4 Re2#) 60... Rxc3 61. Rxb2 (61. a7 Rxf3+
62. Kg5 Ra3 $17) 61... Rxf3+ 62. Ke4 $11) 43... Rd5 {Later one of my friends
told me that my opponent she was quite unhappy with the end result, as she
realized she was winning. Luckily for me, she didn't see 43.Rd8 during the
game.} 1/2-1/2

[Event "Women's Olympiad"]
[Site "Baku"]
[Date "2016.09.04"]
[Round "3.2"]
[White "Yuan, Yuanling"]
[Black "Morales Santos, Natasha"]
[Result "1-0"]
[WhiteElo "2205"]
[BlackElo "1908"]
[Annotator "John Upper"]
[PlyCount "113"]
[EventDate "2016.09.02"]
[EventType "team-swiss"]
[EventRounds "11"]
[EventCountry "AZE"]
[SourceTitle "Chess Canada 2016Olympia"]
[Source "CFC"]
[SourceDate "2016.12.01"]
[WhiteTeam "Canada"]
[BlackTeam "Puerto Rico"]
[WhiteTeamCountry "CAN"]
[BlackTeamCountry "PUR"]
[WhiteClock "0:20:55"]
[BlackClock "0:33:08"]

1. e4 e6 2. d4 d5 3. Nc3 Nf6 4. e5 Nfd7 5. f4 c5 6. Nf3 Nc6 7. Be3 Be7 8. Qd2
O-O 9. Be2 b6 10. O-O f5 11. exf6 Nxf6 12. Kh1 Bb7 {[#]} 13. Bd3 (13. Rad1 Rc8
14. Bb5 Bd6 15. g3 Na5 16. Be2 a6 17. Ne5 Qc7 18. Kg1 Rfd8 19. Qe1 b5 20. Bf3
cxd4 21. Bxd4 Bc5 $11 {(0-1, 44) Hjartarson,J (2547)-Short,N (2655) Nuuk, 2016.
}) (13. Rae1 Kh8 14. Bb5 a6 15. Bxc6 Bxc6 16. Ng5 Qd7 17. a3 (17. Bg1 Ne4 18.
Ngxe4 dxe4 19. Nxe4 cxd4 20. Qxd4 Qb7 $44) 17... Rad8 18. Rd1 Bd6 19. Qe2 Rde8
20. Rde1 Qc7 21. Qf2 h6 22. Qh4 Kg8 23. Nf3 Bb7 {½-½ Caruana,F (2700)
-Kazhgaleyev,M (2620) Khanty-Mansiysk, 2010.}) 13... Nb4 (13... c4 {Keeps the
center closed and Black is OK.} 14. Be2 Bb4 $5) (13... a6 14. a3 $6 {"A loss
of time. During the game, it seemed to me important to prevent the possibility
of a black piece jumping to b4, for example after c4 Be2; Bb4, but now White
does not manage to create pessure on the e6-pawn, which is more important."  -
T.Kosintseva, in ChessBase; game cited in Watson's "Play the French" (4th ed.).
} (14. Rae1 $5) 14... Qc7 15. Qe1 c4 $13 {(1-0,39) Kosintseva,T (2536)-Rajlich,
I (2465) Novi Sad, 2009.}) 14. Rae1 Nxd3 15. cxd3 Bd6 16. Nb5 Bb8 (16... c4 $1
17. dxc4 dxc4 $13) 17. dxc5 Qd7 {[#]} 18. Nc3 (18. c6 $1 {turns d4 into an
outpost after} Bxc6 19. Nbd4) 18... Nh5 19. cxb6 axb6 20. Nd4 Bd6 21. Ndb5 Bc5
22. d4 Bb4 23. a3 Ba6 24. axb4 Bxb5 25. Rf3 Nf6 26. Bg1 Bc6 27. b5 Bxb5 28.
Nxb5 Qxb5 29. Rxe6 Ne4 $11 30. Qc2 Rfc8 31. Qb1 Nd2 32. Qd3 {[#]Critical
Position} Qxd3 $2 (32... Qd7 $1 {leaves both Rs attacked and White will have
to give up an exchange:} 33. Rfe3 Ne4 34. R6xe4 $17 (34. Rxb6 $2 Ra1 $19 {
threatening ...Nf2+ and ...Rxg1.})) 33. Rxd3 Ne4 34. Rd1 $14 b5 35. Rb6 Ra5 $6
(35... Rcb8 $142) 36. b4 Ra2 37. Rxb5 Nc3 38. Rc1 {[#]} Nxb5 $2 (38... Rc4 {
gives Black much better chances to hold.}) 39. Rxc8+ Kf7 40. Rc5 $18 Nd6 41.
Rxd5 Ke6 42. Re5+ Kf6 43. d5 Nc4 44. Re4 Na3 45. g4 Nb5 46. Re6+ Kf7 47. Rb6
Nc3 48. Rb7+ Ke8 49. d6 Rd2 50. Re7+ Kf8 51. Bc5 Na4 52. Ra7 Nxc5 53. bxc5 Ke8
54. Rxg7 Rc2 55. Rc7 Rc4 56. c6 Rxf4 57. Rc8+ 1-0

[Event "Women's Olympiad"]
[Site "Baku"]
[Date "2016.09.04"]
[Round "3.3"]
[White "Comas Colon, Rinelly M"]
[Black "Botez, Alexandra"]
[Result "1/2-1/2"]
[WhiteElo "1773"]
[BlackElo "2092"]
[Annotator "John Upper"]
[PlyCount "93"]
[EventDate "2016.09.02"]
[EventType "team-swiss"]
[EventRounds "11"]
[EventCountry "AZE"]
[SourceTitle "Chess Canada 2016Olympia"]
[Source "CFC"]
[SourceDate "2016.12.01"]
[WhiteTeam "Puerto Rico"]
[BlackTeam "Canada"]
[WhiteTeamCountry "PUR"]
[BlackTeamCountry "CAN"]

1. c4 Nf6 2. g3 g6 3. Bg2 Bg7 4. Nc3 O-O 5. d3 d6 6. Nf3 e5 7. O-O c6 (7... Nc6
{is much more popular, but the game line scores just as well for Black.}) 8.
Rb1 a5 9. a3 Re8 10. b4 axb4 11. axb4 d5 $11 12. cxd5 cxd5 {[#] Critical
Position After 13.Bg3 Be6, should White capture on e5?} 13. Nd2 (13. Bg5 Be6
14. Nxe5 $1 $146 {Ribli gives this a ?? in ChessBase, but chess analysis has
come a very long way since 1995, and there are some hard-to-imagine tactics
here...} (14. e4 $143 d4 15. Nd5 Nbd7 16. Nxf6+ Bxf6 $15 {0-1 (35) Vaganian,R 
(2640)-Kasparov,G (2805) Riga, 1995.}) 14... Qc7 {looks like it just wins a
piece, but:} 15. Bxf6 Bxf6 (15... Qxc3 16. Rb3 $16) 16. Nxd5 $3 Qxe5 (16...
Bxd5 17. Ng4 $18) 17. d4 $1 $14 {and the Black Q can't defend both f6 and c7.})
13... Be6 14. Nb3 b6 15. b5 Ra7 16. Bd2 (16. d4 $5 e4) 16... d4 17. Ne4 {[#]}
Nxe4 (17... Nd5 $1 {keeps the pieces on to enjoy the extra space; and if} 18.
Ng5 Bf5 $15 {followed by ...h6 and a nice position with more squares for
Black's minors.}) 18. Bxe4 Bd5 19. Qc2 Rc7 20. Qb2 Bxe4 21. dxe4 d3 22. exd3
Qxd3 23. Rfc1 Rxc1+ 24. Qxc1 {White is missing her Bg2, but with the Nb8 so
far away, there will be no time to take advantage of it.} Qxe4 25. Be3 Nd7 26.
Nd2 Qf5 27. Qc6 Rb8 {[#]} 28. Rd1 (28. Ne4 $5 Bf8 29. Rd1 Nc5 30. Bxc5 Bxc5 31.
Nxc5 bxc5 32. Qxc5 $14) 28... Qd3 $11 29. Qc4 Qxc4 30. Nxc4 Rb7 $11 31. Rd6 Bf8
32. Rc6 Bc5 33. Bxc5 Nxc5 34. Nxe5 Ne6 35. Rd6 Nc5 36. Nc4 Na4 37. Kg2 Nc3 38.
Rxb6 Rxb6 39. Nxb6 Nxb5 40. Nd7 Kg7 41. h3 Nd4 42. g4 f6 43. Nc5 Kf7 44. Kg3
Ne6 45. Ne4 Ke7 46. h4 Ng7 47. Kf4 1/2-1/2

[Event "Women's Olympiad"]
[Site "Baku"]
[Date "2016.09.04"]
[Round "3.4"]
[White "Ouellet, Maili-Jade"]
[Black "Vega Jimenez, Keyshla M"]
[Result "1-0"]
[WhiteElo "1992"]
[BlackElo "1641"]
[Annotator "John Upper"]
[PlyCount "73"]
[EventDate "2016.09.02"]
[EventType "team-swiss"]
[EventRounds "11"]
[EventCountry "AZE"]
[SourceTitle "Chess Canada 2016Olympia"]
[Source "CFC"]
[SourceDate "2016.12.01"]
[WhiteTeam "Canada"]
[BlackTeam "Puerto Rico"]
[WhiteTeamCountry "CAN"]
[BlackTeamCountry "PUR"]
[WhiteClock "0:46:53"]
[BlackClock "0:00:40"]

1. d4 d5 {A smooth game by Ouellet: she builds a nice center in a QGD exchange
variation, her opponent sacs a pawn to relieve the pressure, and she nicely
converts to attack.} 2. c4 e6 3. Nc3 Nf6 4. cxd5 exd5 5. Qc2 c6 6. Bg5 Be7 7.
e3 O-O 8. Bd3 h6 9. Bh4 Nbd7 10. Nf3 Re8 11. O-O Ne4 12. Bxe7 Qxe7 {[#]} 13.
Rae1 {Although not unknown, this move is more common when White has developed .
..Nge2, preparing f2-f3 and eventually e3-e4. With the N already on f3,
playing the minority attack seems more natural.} (13. b4 Ndf6 14. b5 c5 15.
dxc5 Nxc5 16. Rac1 Nce4 17. Qb2 Bd7 18. h3 Rac8 19. Ne2 Nc5 20. Bc2 Nce4 21. a4
Ng5 22. Nfd4 Rc4 23. Nf4 $14 {(0-1, 62) Van Wely,L (2575)-Sokolov,I (2645)
Wijk aan Zee, 1995.}) 13... Ndf6 14. Ne5 Bd7 $6 (14... Bf5 15. f3 Nxc3 16. Qxc3
(16. Bxf5 Nxa2) 16... Bxd3 $11 {trades some pieces before White can start
squeezing with e4.}) 15. f3 Nd6 (15... Nc5 16. Nxd7 Ncxd7 17. e4 $14) (15...
Nxc3 {exchanging pieces when short of space, though White is still better
after either recapture.}) 16. e4 {[#]} dxe4 {This exchange means that if White
ever pushes e4-e5 then Black can put a piece on d5; but it also opens the
f-file.} (16... Rac8 $143 17. Nxd7 Nxd7 18. e5 $16) (16... Be6 $5 17. Qf2 Rad8
{challenges White to find a way through.}) 17. fxe4 Be6 18. Nf3 $16 {[#] White
has an ideal center and Black has no pressure on it, so she pitches a pawn to
unclog.} Nb5 (18... Nc8 $16 {doesn't give away any material, but is pretty sad.
}) 19. Nxb5 cxb5 20. Bxb5 Rec8 21. Qb1 (21. Qf2 Bxa2 22. e5 Nd5 23. Nh4 $16) (
21. Qf2) 21... Bc4 22. Bxc4 Rxc4 {[#]} 23. e5 {The first part of a strong
attack.} (23. Qd3 $1 {centralizing before defining the central structure.})
23... Nd5 24. Qe4 Qe6 25. Nd2 Rc7 26. Qf3 Rc2 27. Ne4 $1 {[#]} Rxb2 (27... b6
28. Nf6+ $1 {exploiting the pin to a8.} gxf6 29. exf6 $18) 28. Nc5 $18 {
Black can't defend both d5 and f7.} Qc6 29. Qxf7+ Kh8 30. Rf3 Re8 31. Rg3 Re7
32. Qf8+ Kh7 33. Qf5+ Kh8 34. Rg6 Nf6 35. Rf1 Qd5 36. exf6 Qxd4+ 37. Kh1 1-0

[Event "Women's Olympiad"]
[Site "?"]
[Date "2016.09.05"]
[Round "4.1"]
[White "Zhou, Qiyu"]
[Black "Frayna, Janelle Mae"]
[Result "1/2-1/2"]
[WhiteElo "2367"]
[BlackElo "2281"]
[Annotator "John Upper"]
[PlyCount "61"]
[EventDate "2016.??.??"]
[WhiteClock "0:02:47"]
[BlackClock "0:11:54"]

1. e4 e6 2. d4 d5 3. Nc3 Bb4 4. e5 c5 5. a3 Bxc3+ 6. bxc3 Qa5 {A positionally
sound line which has the added advantage of reducing White's options (and
Black's homework) in the Winawer.} 7. Bd2 Qa4 {[#] Watson calls this the
"Portisch-Hook variation", and Moskalenko calls it "Black Queen Blues". The
Qa4 does more than blockade the a-pawn: it pressures a3, c2 and d4. Almost all
legal moves have been tried by White, a sign that there's no consensus on how
best to tackle this defence.} 8. h4 ({Negi's excellent 1.e4 repertoire book
for Quality Chess recommends:} 8. Qg4 g6 (8... Kf8 9. Qd1 Nc6 10. Qb1) 9. Nf3
Nc6 10. Be2 {and concludes, "The key to White's play here is to prevent Black
from carrying out long castling... involving Qh4 and Bg5, which poses Black
difficult problems."}) 8... Nc6 9. h5 h6 10. Nf3 Nge7 {[#]} 11. Rh4 (11. Rb1 c4
12. g3 b6 13. Bh3 Bd7 14. O-O O-O-O {and White spent the rest of the game
shuffling his pieces, unable to come up with a promising plan in Karjakin,S 
(2779)-Radjabov,T (2726) Shamkir, 2016 (½-½, 33).}) 11... Bd7 12. Rg4 (12.
Rf4 g5 13. hxg6 Nxg6 14. Rf6 cxd4 15. Bd3 Ngxe5 16. Nxe5 Nxe5 17. Qh5 Nxd3+ (
17... dxc3 $1) 18. cxd3 Rh7 {(½-½, 62) Zeng,C (2400)-Hoang,T (2435) Chennai,
2012.}) 12... g5 (12... Nf5 $5) 13. hxg6 fxg6 14. Qb1 c4 {[#]} 15. Rh4 (15.
Qxb7 $4 Rb8 16. Qc7 Qxc2 $19 (16... Rc8 {and Black can force a repetition.}))
15... h5 16. Ng5 Nf5 17. Rh3 Ke7 18. Be2 b5 19. g3 Raf8 20. Kf1 Kd8 21. Kg2 Kc7
22. Qb2 Qa5 23. Nf3 Rb8 24. Rah1 (24. Bg5) 24... Rhg8 25. Rb1 Qb6 26. Nh4 Nfe7
27. Bg5 a5 {[#]} 28. Nf3 (28. Qc1 $5 {heading for the kingside now that the
pressure is off c2 and c3.}) 28... Nf5 29. Nh4 Nfe7 30. Nf3 Nf5 31. Nh4 1/2-1/2